[Event "4th WGP 2014"]
[Site "Khanty-Mansiysk RUS"]
[Date "2014.04.14"]
[Round "5.5"]
[White "Kosintseva, Tatiana"]
[Black "Lagno, Kateryna"]
[Result "1/2-1/2"]
[WhiteTitle "GM"]
[BlackTitle "GM"]
[WhiteElo "2496"]
[BlackElo "2543"]
[WhiteFideId "4133471"]
[BlackFideId "14109336"]
[EventDate "2014.04.09"]

1. e4 c5 2. Nf3 d6 3. d4 cxd4 4. Nxd4 Nf6 5. Nc3 a6 6. h3 e5 7. Nde2 b5 8. Ng3
Be6 9. Bg5 Nbd7 10. Nh5 Qa5 11. Bxf6 Nxf6 12. Nxf6+ gxf6 13. Bd3 b4 14. Nd5 Bxd5
15. exd5 Qxd5 16. Qe2 Qc6 17. f4 Bg7 18. O-O O-O 19. Bf5 h6 20. Rad1 Rfe8 21.
fxe5 Qc5+ 22. Kh1 Rxe5 23. Qg4 Rae8 24. Rd3 Re1 25. Rf3 a5 26. b3 Rxf1+ 27. Rxf1
Qc3 28. Bd3 Re1 29. Qf5 Qe5 30. Rxe1 Qxe1+ 31. Kh2 Qe5+ 32. g3 Qxf5 33. Bxf5 Kf8
34. g4 Ke7 35. Kg3 d5 36. Kf4 Kd6 37. Bc8 f5 38. Kxf5 Bc3 39. h4 f6 40. Kg6 Be1
41. h5 Bd2 42. Kxf6 Bg5+ 43. Kf5 Bd2 44. Ba6 Bg5 45. Bb7 Bd2 46. Ba6 Bg5 47. Bb7
Bd2 48. Ba6 1/2-1/2